Central Library OPAC University of Rajshahi

The wretched of the earth / (Record no. 41737)

MARC details
000 -LEADER
fixed length control field 00968nam a2200289 a 4500
001 - CONTROL NUMBER
control field 41737
003 - CONTROL NUMBER IDENTIFIER
rucl marc code BD-RjUL
005 - DATE AND TIME OF LATEST TRANSACTION
control field 20211209053436.0
008 - FIXED-LENGTH DATA ELEMENTS--GENERAL INFORMATION
fixed length control field 160605s1967 enk b 000 0 eng
035 ## - SYSTEM CONTROL NUMBER
System control number 0140026746
System control number (BD-RjUL)41855
040 ## - CATALOGING SOURCE
Original cataloging agency DLC
Transcribing agency DLC
Modifying agency m.c
-- BD-RjUL
Language of cataloging eng
041 1# - LANGUAGE CODE
Language code of text/sound track or separate title engfre
082 ## - DEWEY DECIMAL CLASSIFICATION NUMBER
Edition number 23
Classification number 325.344
Author mark and year FAW 1967
100 1# - MAIN ENTRY--PERSONAL NAME
Personal name Fanon, Frantz,
Dates associated with a name 1925-1961.
9 (RLIN) 128204
245 14 - TITLE STATEMENT
Title The wretched of the earth /
Statement of responsibility, etc. Frantz Fanon; preface by Jean-Paul Sartre; translated by Constance Farrington.
260 ## - PUBLICATION, DISTRIBUTION, ETC. (IMPRINT)
Place of publication, distribution, etc. Harmondsworth :
Name of publisher, distributor, etc. Penguin,
Date of publication, distribution, etc. 1967.
300 ## - PHYSICAL DESCRIPTION
Pagination 255 p. ;
Size 18 cm.
500 ## - GENERAL NOTE
General note Translation of : Les damnés de la terre.
General note Includes bibliographical references.
650 #0 - SUBJECT ADDED ENTRY--TOPICAL TERM
Topical term or geographic name as entry element Offenses against the person.
9 (RLIN) 128205
651 #0 - SUBJECT ADDED ENTRY--GEOGRAPHIC NAME
Geographic name France
General subdivision Colonies
Geographic subdivision Africa.
9 (RLIN) 128206
Geographic name Algeria
General subdivision History
Chronological subdivision Revolution, 1954-1962.
9 (RLIN) 128207
942 ## - ADDED ENTRY ELEMENTS (KOHA)
Source of classification or shelving scheme Dewey Decimal Classification
Koha item type Books
Holdings
Lost status Source of classification or shelving scheme Damaged status Not for loan Collection code Permanent Location Current Location Shelving location Date acquired Source of acquisition Total Checkouts Full call number Date last seen Copy number Koha item type
  Dewey Decimal Classification   Not For Loan Non-fiction Central Library, University of Rajshahi Central Library, University of Rajshahi Reading Room 16/02/1978 Dept. of Zoology   325.344 FAW 1967 05/06/2016 C-1 Books
  Dewey Decimal Classification     Non-fiction Central Library, University of Rajshahi Central Library, University of Rajshahi   21/10/1990 Sawkat Osman, Dhaka   325.344 FAW 1967 05/06/2016 C-2 Books